Free Imperial Cities of the Holy Roman Empire (Top 20) - Statistics

General Stats
  • This quiz has been taken 100 times
  • The average score is 14 of 20
Answer Stats
Country Population City % Correct
Germany 1,739,117 Hamburg
99%
Latvia 742,572 Riga
97%
Germany 963,395 Cologne
92%
Germany 650,000 Frankfurt
92%
Switzerland 341,730 Zürich
88%
Germany 546,501 Bremen
86%
Switzerland 121,631 Bern
84%
Switzerland 164,488 Basel
81%
France 274,845 Strasbourg
81%
Germany 499,237 Nuremburg
79%
Germany 212,207 Lübeck
70%
Germany 588,462 Dortmund
69%
Germany 259,196 Augsburg
66%
France 123,914 Metz
66%
Germany 265,208 Aachen
62%
Germany 184,997 Mainz
60%
Germany 129,151 Regensburg
49%
Germany 504,358 Duisburg
43%
France 128,426 Besançon
34%
Netherlands 158,732 Nijmegen
30%
No matching quizzes found
Score Distribution
Percent of People with Each Score
Percentile by Number Answered
Your Score History
You have not taken this quiz